| 000 | 00986 a2200193 4500 | ||
|---|---|---|---|
| 020 | _a0028025385 (paperback) | ||
| 020 | _a9780028025384 (paperback) | ||
| 082 | 0 | 4 | _a808.06665 |
| 090 |
_c4790 _d4790 |
||
| 100 | 1 | _aJaderstrom, Susan. | |
| 245 | 1 | 0 |
_aBusiness english at work / _cSusan Jaderstrom, Joanne Miller. |
| 250 | _a1st ed. | ||
| 260 |
_a[S.l.] : _bCareer Education, _c1999. |
||
| 300 |
_a1 v. (unpaged) ; _c28 cm. |
||
| 520 | _aWritten in a conversational tone, this 18-chapter, 4-color text takes a totally new learning approach to relating business English to the world of work. Telecommunications, customer service, online references, and a host of other real-world topics connect directly to activities and exercises in grammar, punctuation, vocabulary, spelling, word division, and sentence writing/revising. | ||
| 700 | 1 | _aMiller, Joanne. | |
| 856 | 4 | 0 |
_3Amazon.com _uhttp://www.amazon.com/exec/obidos/ASIN/0028025385/chopaconline-20 |
| 942 |
_aNBS _cBK _k808.06665 JAD |
||
| 999 |
_c347221 _d347221 |
||